000 00517nam a2200181 i 4500
001 59784
003 ES-MaACL
005 20230906164110.0
007 t|
008 031030s1966 sp ||||1| spa d
100 1 _aEngelmann, Henri.
_947223
245 1 0 _aHe perdido la fé /
_cHenri Engelmann ; [traducido por Plácido M. Gil].
250 _a[1ª ed.].
260 _aAndorra :
_bCasal i Vall,
_c[1966]
300 _a174 p. ;
_c19 cm.
700 1 _aGil, Plácido M.
_956747
852 _aES-MaACL
_jC-31912
_bR.70318
999 _c59784
_d59784